South Eastern Kenya University

Library Online Public Access Catalogue


ADHD grown up : (Record no. 8403)

MARC details
000 -LEADER
fixed length control field 00874cam a2200265 a 4500
001 - CONTROL NUMBER
control field 14484342
003 - CONTROL NUMBER IDENTIFIER
control field OSt
005 - DATE AND TIME OF LATEST TRANSACTION
control field 20150805120759.0
008 - FIXED-LENGTH DATA ELEMENTS--GENERAL INFORMATION
fixed length control field 060807s2007 nyu b 001 0 eng
010 ## - LIBRARY OF CONGRESS CONTROL NUMBER
LC control number 2006048647
020 ## - INTERNATIONAL STANDARD BOOK NUMBER
International Standard Book Number 9780393704686
020 ## - INTERNATIONAL STANDARD BOOK NUMBER
International Standard Book Number 0393704688
040 ## - CATALOGING SOURCE
Original cataloging agency SEKU
050 00 - LIBRARY OF CONGRESS CALL NUMBER
Classification number RJ 506 .H9
Item number Y6 2007
100 1# - MAIN ENTRY--PERSONAL NAME
Personal name Young, Joel L.
245 10 - TITLE STATEMENT
Title ADHD grown up :
Remainder of title a guide to adolescent and adult ADHD
Statement of responsibility, etc. Joel L. Young.
260 ## - PUBLICATION, DISTRIBUTION, ETC. (IMPRINT)
Place of publication, distribution, etc. New York :
Name of publisher, distributor, etc. W. W. Norton,
Date of publication, distribution, etc. c2007.
300 ## - PHYSICAL DESCRIPTION
Extent xix, 322 p. ;
Dimensions 25 cm.
500 ## - GENERAL NOTE
General note "A Norton Professional Book."
504 ## - BIBLIOGRAPHY, ETC. NOTE
Bibliography, etc Includes bibliographical references (p. 303-311) and index.
650 #0 - SUBJECT ADDED ENTRY--TOPICAL TERM
Topical term or geographic name as entry element Attention-deficit disorder in adolescence.
650 #0 - SUBJECT ADDED ENTRY--TOPICAL TERM
Topical term or geographic name as entry element Attention-deficit disorder in adults.
856 41 - ELECTRONIC LOCATION AND ACCESS
Materials specified Table of contents only
Uniform Resource Identifier <a href="http://www.loc.gov/catdir/toc/fy0710/2006048647.html">http://www.loc.gov/catdir/toc/fy0710/2006048647.html</a>
942 ## - ADDED ENTRY ELEMENTS (KOHA)
Source of classification or shelving scheme Library of Congress Classification
Koha item type General circulation
Holdings
Withdrawn status Lost status Source of classification or shelving scheme Damaged status Not for loan Home library Current library Shelving location Date acquired Source of acquisition Total Checkouts Full call number Barcode Date last seen Price effective from Koha item type Public note
    Library of Congress Classification     Main Campus Library Main Campus Library General Stacks 05/08/2015 Donation-Books for Africa   RJ 506 .H9 Y6 2007 2015/006849 05/08/2015 05/08/2015 General circulation amk
Kitui, Kenya.
+254736116989
library@seku.ac.ke